000 00693nam a2200289Ia 4500
005 20260324142706.0
008 008 260324s9999 xx 000 0 eng d
020 _a9780203411162
037 _aEBOOK
040 _aCRL
040 _beng
040 _cCRL
041 _2eng
041 _aeng
084 _qCRL
100 _aGraham Dawson
_91183724
245 0 _aSoldier Heroes
245 0 _bBritish Adventure, Empire and the Imagining of Masculinities
260 _bTaylor and Francis
260 _c1994
365 _a
365 _b265
856 _uhttp://www.taylorfrancis.com/books/9780203411162
942 _cEBOOK
999 _c1817361
_d1817361